000 00302nam a2200121Ia 4500
008 241028s9999 xx 000 0 und d
041 _aeng
082 _a332 DEM
100 _aPaul H Dembinski
245 _aFinance: Servant Or Deceiver
260 _bPalgrave
_aNew York
_c2009
300 _a185;. P. 22 cm
999 _c42855
_d42855